[Event "Golden Cleopatra"]
[Site "Cairo EGY"]
[Date "2002.04.10"]
[Round "4"]
[White "Ahmed,Es"]
[Black "Lungu,N"]
[Result "1/2-1/2"]
[WhiteElo "2382"]
[BlackElo "2262"]

1.e4 c5 2.Nf3 e6 3.d4 cxd4 4.Nxd4 a6 5.Nc3 Qc7 6.g3 Bb4 7.Ne2 Nc6 8.Bg2 Nge7
9.O-O O-O 10.a3 Bc5 11.Nf4 b5 12.Nfd5 exd5 13.exd5 Bb7 14.dxc6 Bxc6 15.Re1 Bxg2
16.Kxg2 Qc6+ 17.Qf3 Qxf3+ 18.Kxf3 Nc6 19.Kg2 Rfe8 20.Bd2 Bd4 21.Rad1 f6 22.b3 Rxe1
23.Rxe1 Bxc3 24.Bxc3 Kf7 25.Rd1 Ke6 26.f4 Rd8 27.g4 d5 28.f5+ Kf7 29.Kf3 d4
30.Bb2 Ne5+ 31.Ke4 Nxg4 32.Rd2 d3 33.cxd3 g6 34.h3 gxf5+ 35.Kxf5 Ne3+ 36.Ke4 Nd5
37.Rg2 Rd7 38.h4 Ne7 39.h5 Rc7 40.h6 Ke6 41.Rg7 Nd5 42.Rg8 Rc2 43.Re8+ Kf7
44.Ra8 Rxb2 45.Kxd5 Rxb3 46.Ke4 Rxa3 47.Kf5 Rxd3 48.Ra7+ Kg8 49.Ra8+ Kf7
50.Ra7+ Kg8 51.Ra8+  1/2-1/2

[Event "III Open"]
[Site "Dos Hermanas ESP"]
[Date "2002.04.10"]
[Round "6"]
[White "Rincon Bascon,J"]
[Black "Ivanov,J"]
[Result "0-1"]
[WhiteElo "2128"]
[BlackElo "2410"]

1.e4 c5 2.Nf3 e6 3.d4 cxd4 4.Nxd4 a6 5.Nc3 Qc7 6.Be2 Nc6 7.Be3 b5 8.O-O Bb7
9.f4 Bc5 10.Qd2 Nge7 11.Kh1 Nxd4 12.Bxd4 O-O 13.Rad1 Rfd8 14.f5 Bxd4 15.Qxd4 Nc6
16.Qe3 f6 17.a3 Qe5 18.Qb6 Rab8 19.fxe6 dxe6 20.Rxd8+ Nxd8 21.Rd1 Nf7 22.Qa7 Qc7
23.Rd7 Qxd7 24.Qxb8+ Nd8 25.Bd3 Kf7 26.Qg3 Nc6 27.Qh3 h6 28.Ne2 Qd6 29.Qg3 Ne5
30.h3 g5 31.Nc3 Qd4 32.Qe1 Nxd3 33.cxd3 Qxd3 34.Qf2 Bxe4 35.Qa7+ Kg6 36.Nxe4 Qxe4
37.Qxa6 Qb1+ 38.Kh2 Qxb2 39.Qa8 Qe5+ 40.Kh1 Qe2 41.Qg8+ Kf5 42.Qh7+ Kf4 43.Qc7+ e5
44.Qc1+ Kg3 45.Qc3+ Kf2 46.Qc5+ Qe3 47.Qc2+ Kg3 48.Qd1 f5 49.Qf1 e4 50.Qd1 Qf2  0-1

[Event "Golden Cleopatra"]
[Site "Cairo EGY"]
[Date "2002.04.11"]
[Round "5"]
[White "Yousry,M"]
[Black "Ahmed,Es"]
[Result "0-1"]
[WhiteElo "2256"]
[BlackElo "2382"]

1.e4 c5 2.Nf3 e6 3.d4 cxd4 4.Nxd4 a6 5.Nc3 Qc7 6.Be2 Nf6 7.a3 d6 8.O-O Nbd7
9.f4 b5 10.Bf3 Bb7 11.Kh1 Rc8 12.Qe1 Be7 13.f5 e5 14.Nb3 Qb8 15.Bd2 Bd8 16.Qg3 O-O
17.Bh6 Ne8 18.Rad1 Kh8 19.Bg5 Nef6 20.Rfe1 Nb6 21.Re2 Nc4 22.Bc1 Nxa3 23.Qe1 Nxc2
24.Rxc2 b4 25.Nd2 bxc3 26.bxc3 Ba5 27.Nb3 Bxe4 28.Bxe4 Qxb3 29.Bd3 e4 30.Rb2 Qxc3
31.Qxc3 Bxc3 32.Bxa6 Bxb2 33.Bxc8 Be5 34.Ba6 Ra8 35.Be2 Ra2 36.Bc4 Ra1 37.Be2 h6
38.g3 d5 39.Kg1 d4 40.Bc4 d3 41.Bb3 Bd4+ 42.Kg2 e3 43.Rxd3 Rxc1 44.Rxd4 e2
45.Rd8+ Ng8 46.Bxf7 e1=Q 47.Rxg8+ Kh7 48.Kh3 Qf1+ 49.Kg4 Rc4+  0-1

[Event "10th Hotel Opatija GM"]
[Site "Kastav CRO"]
[Date "2002.04.11"]
[Round "3"]
[White "Fercec,N"]
[Black "Mandekic,I"]
[Result "1-0"]
[WhiteElo "2438"]
[BlackElo "2293"]

1.e4 c5 2.Nf3 e6 3.d4 cxd4 4.Nxd4 a6 5.Nc3 d6 6.Be3 Nf6 7.Qd2 Be7 8.f3 Nc6
9.g4 Nd7 10.O-O-O O-O 11.h4 Nxd4 12.Bxd4 b5 13.g5 Rb8 14.Ba7 Rb7 15.Be3 Qa5
16.Kb1 b4 17.Ne2 Ne5 18.Nd4 Bd7 19.h5 Rc8 20.g6 Bf6 21.gxh7+ Kxh7 22.f4 Ng4
23.Nb3 Qc7 24.Bg1 Bb5 25.h6 Nxh6 26.Be3 Kg8 27.Bxb5 Rxb5 28.Rdg1 Kf8 29.Nd4 Rc5
30.f5 e5 31.Bxh6 exd4 32.Bxg7+ Ke7 33.Bxf6+ Kxf6 34.Qg5+  1-0

[Event "Golden Cleopatra"]
[Site "Cairo EGY"]
[Date "2002.04.16"]
[Round "10"]
[White "Tissir,M"]
[Black "Sadek,S"]
[Result "1-0"]
[WhiteElo "2368"]
[BlackElo "2183"]

1.e4 c5 2.Nc3 a6 3.Nf3 e6 4.d4 cxd4 5.Nxd4 d6 6.Be3 Nf6 7.g4 h6 8.Qe2 Nc6
9.O-O-O Qc7 10.f4 Nd7 11.Bg2 Rb8 12.Kb1 Na5 13.Rhe1 Be7 14.Bc1 b5 15.Nf5 exf5
16.Nd5 Qd8 17.exf5 Nc6 18.Rd3 Nde5 19.fxe5 dxe5 20.Be3 Bg5 21.Nb4 Bxe3 22.Nxc6 Qc7
23.Qxe3 O-O 24.Nxb8 Qxb8 25.Bc6 Qc7 26.Bd7 Bxd7 27.Qxe5 Re8 28.Qc3 Qb7 29.Rxe8+ Bxe8
30.Qe1 Bc6 31.Rd4 Qc7 32.h4 Qb6 33.Qd2 Qc5 34.Qe3 Kh7 35.b4 Qa7 36.g5 Be8
37.Qxe8  1-0

[Event "XX Open"]
[Site "Metz FRA"]
[Date "2002.04.18"]
[Round "6"]
[White "Filipek,J"]
[Black "Timoscenko,G"]
[Result "0-1"]
[WhiteElo "2383"]
[BlackElo "2513"]

1.e4 c5 2.Nf3 e6 3.d4 cxd4 4.Nxd4 a6 5.Nc3 Qc7 6.Be2 b5 7.O-O Bb7 8.Bf3 Nc6
9.Nxc6 dxc6 10.Qe2 e5 11.Be3 Nf6 12.a4 Be7 13.axb5 axb5 14.Nxb5 cxb5 15.Qxb5+ Nd7
16.Bg4 Rxa1 17.Rxa1 Qc6 18.Qxc6 Bxc6 19.Ra7 Nf6 20.Be2 Nxe4 21.b4 Nc3 22.Bc4 Nb5
23.Bxb5 Bxb5 24.Bb6 Rf8 25.Ba5 f5 26.Rb7 Bc6 27.Rc7 Rf6 28.c4 Rd6 29.f3 Bd7
30.c5 Rd1+ 31.Kf2 Bd8 32.Rb7 Bxa5 33.bxa5 Rd2+ 34.Ke3 Ra2 35.Rb8+ Ke7 36.Rb7 Kd8
37.Rb8+ Kc7 38.Rg8 g6 39.Rg7 Rxa5 40.Rxh7 Rxc5  0-1

[Event "XX Open"]
[Site "Metz FRA"]
[Date "2002.04.20"]
[Round "8"]
[White "Nanu,C"]
[Black "Timoscenko,G"]
[Result "1-0"]
[WhiteElo "2412"]
[BlackElo "2513"]

1.e4 c5 2.Nf3 e6 3.d4 cxd4 4.Nxd4 a6 5.Nc3 Qc7 6.Be2 b5 7.O-O Bb7 8.Re1 Nc6
9.Nxc6 dxc6 10.e5 Rd8 11.Bd3 c5 12.Qg4 Ne7 13.Bg5 Rd4 14.Qg3 c4 15.Bxe7 cxd3
16.Bxf8 Kxf8 17.cxd3 Qd8 18.Red1 h5 19.Qe3 h4 20.h3 Rh5 21.Ne2 Rd7 22.d4 Rg5
23.f3 Rf5 24.Nc1 Qg5 25.Qxg5 Rxg5 26.Rd3 Bd5 27.Kf2 Bc4 28.Rd2 b4 29.Ke3 Bf1
30.Nb3 Bb5 31.Rc1 Ke7 32.Na5 f6 33.exf6+ gxf6 34.Nc6+ Bxc6 35.Rxc6 a5 36.Rc5 Rxc5
37.dxc5 Rxd2 38.Kxd2 Kd7 39.g3 hxg3 40.Ke2 e5 41.h4  1-0

[Event "TUR-BUL Chess Summit"]
[Site "Istanbul TUR"]
[Date "2002.04.28"]
[Round "7"]
[White "Simeonov,S"]
[Black "Bayram,Y"]
[Result "1-0"]
[WhiteElo "2348"]
[BlackElo "2312"]

1.e4 c5 2.Nf3 e6 3.d4 cxd4 4.Nxd4 a6 5.Nc3 Qc7 6.g3 Nc6 7.Bg2 b5 8.O-O Bb7
9.Re1 Nxd4 10.Qxd4 f6 11.Nd5 Qc6 12.a4 Kf7 13.axb5 axb5 14.Rxa8 Bc5 15.Nb4 Qc7
16.Na6 Bxa6 17.Qd3 Bb7 18.Bf4 d6 19.Bxd6 Bxd6 20.e5 Bxa8 21.exd6 Qb8 22.Bxa8 Qxa8
23.Qe3 Qd5 24.Qa7+ Kg6 25.Qb8 h5 26.Qe8+ Kh7 27.d7 Nh6 28.Rxe6 Nf7 29.Qxf7 Ra8
30.Qe8 h4 31.gxh4 Ra1+ 32.Re1 Rxe1+ 33.Qxe1 Qxd7 34.Qe4+ f5 35.Qe2 g6 36.c3 Qd5
37.h3 f4 38.Qe7+ Kg8 39.Qf6 Qe4 40.Qd8+ Kh7 41.Qd7+ Kg8 42.Qxb5 f3 43.Qb8+ Kh7
44.Kh2 Qe2 45.Kg3 Qd1 46.Qb7+ Kh6 47.Qxf3 Qg1+ 48.Qg2 Qc1 49.Kh2 Qxb2 50.Qg5+ Kh7
51.Qe7+ Kh6 52.Qe3+ Kh7 53.Kg3 Qb1 54.c4 Qg1+ 55.Kf4 Qh2+ 56.Ke4 Qh1+ 57.Ke5 Qa1+
58.Kf4 Qf6+ 59.Kg4 Qd6 60.c5 Qd1+ 61.Kg3 Qg1+ 62.Kf4 Qh1 63.h5 gxh5 64.Qe4+  1-0

[Event "14th Open"]
[Site "Lenk SUI"]
[Date "2002.04.31"]
[Round "6"]
[White "Vogt,L"]
[Black "Moor,R"]
[Result "1-0"]
[WhiteElo "2456"]
[BlackElo "2369"]

1.e4 c5 2.Nf3 e6 3.d4 cxd4 4.Nxd4 a6 5.Nc3 Nc6 6.g3 Nge7 7.Nb3 b5 8.Bg2 d6
9.O-O Bb7 10.a4 b4 11.Na2 Nc8 12.Bd2 a5 13.c3 Qb6 14.Be3 Qa6 15.Re1 Rb8 16.cxb4 axb4
17.Bf1 Qa8 18.Bb5 Be7 19.Nxb4 O-O 20.Nxc6 Bxc6 21.Bxc6 Qxc6 22.Bd4 Nb6 23.Na5 Qa8
24.Qd2 Rfc8 25.Bxb6 Rxb6 26.b4 Ra6 27.Rac1 Rf8 28.Rb1 Bd8 29.Nc4 Rxa4 30.Qxd6 Qb7
31.Ne5 Bc7 32.Qc6 Qa7 33.Nd7 Ra6 34.Qc5 Qxc5 35.Nxc5 Rd6 36.Red1 Rb8 37.Rxd6 Bxd6
38.Nd3 Rb5 39.e5 Bb8 40.f4 f6 41.exf6 gxf6 42.Kf2 Kf7 43.Ra1 Rh5 44.Kg2 Rd5
45.Ra3 h5 46.Kf3 Bd6 47.Ke4 Rb5 48.Ra4 Rb7 49.Kd4 Kg6 50.Nc5 Rb6 51.Kc4 Kf5
52.b5 h4 53.Ra6 hxg3 54.hxg3 Rxa6 55.bxa6 Bb8 56.Kb5 Ba7 57.Nb7 e5 58.Nd6+ Ke6
59.Kc6 Bd4 60.f5+ Ke7 61.Ne4  1-0

[Event "Kuban Spring"]
[Site "Krasnodar RUS"]
[Date "2002.04.??"]
[Round "?"]
[White "Tseshkovsky,V"]
[Black "Poluljahov,A"]
[Result "1-0"]
[WhiteElo "2554"]
[BlackElo "2533"]

1.e4 c5 2.Nf3 e6 3.d4 cxd4 4.Nxd4 a6 5.Nc3 b5 6.Bd3 d6 7.O-O Nf6 8.Qe2 Be7
9.Bd2 Bb7 10.a4 b4 11.Na2 a5 12.c3 bxc3 13.Bb5+ Nfd7 14.Bxc3 O-O 15.b4 axb4
16.Nxb4 Nc5 17.f3 Bf6 18.Qe3 Qe7 19.Ra3 Rc8 20.Rfa1 Be5 21.Ne2 Bxc3 22.Rxc3 Nba6
23.Nxa6 Bxa6 24.Rac1 e5 25.Rc4 Bb7 26.Nc3 h6 27.Nd5 Bxd5 28.exd5  1-0

[Event "Kuban Spring"]
[Site "Krasnodar RUS"]
[Date "2002.04.??"]
[Round "?"]
[White "Skorchenko,D"]
[Black "Poluljahov,A"]
[Result "1-0"]
[WhiteElo "2431"]
[BlackElo "2533"]

1.e4 c5 2.Nc3 e6 3.Nf3 a6 4.d4 cxd4 5.Nxd4 b5 6.Bd3 d6 7.O-O Nf6 8.Qe2 Be7
9.Bd2 O-O 10.a4 b4 11.Na2 a5 12.c3 bxc3 13.Bxc3 Bb7 14.f3 Nfd7 15.b4 axb4
16.Nxb4 Nc5 17.Bb5 Bf6 18.Rfd1 Qe7 19.Qb2 Rc8 20.Ra3 h6 21.Kh1 Be5 22.Ne2 Bxc3
23.Nxc3 Nba6 24.Nc2 d5 25.exd5 exd5 26.Nd4 Qf6 27.Raa1 Ne6 28.Bxa6 Bxa6 29.Nxd5 Qg5
30.Nxe6 fxe6 31.f4 Qh4 32.g3 Qh5 33.Ne7+ Kh7 34.Nxc8 Qf3+ 35.Qg2 Bb7 36.Qxf3 Bxf3+
37.Kg1 Bxd1 38.Rxd1 Rxc8 39.Ra1 Kg6 40.a5 e5 41.fxe5 Kf5 42.a6 Kxe5 43.a7 Ra8
44.Kf2 Kd6 45.Kf3  1-0

[Event "59th ch-POL"]
[Site "Warsaw POL"]
[Date "2002.05.02"]
[Round "4"]
[White "Socko,B"]
[Black "Markowski,T"]
[Result "1/2-1/2"]
[WhiteElo "2564"]
[BlackElo "2538"]

1.e4 c5 2.Nf3 e6 3.d4 cxd4 4.Nxd4 a6 5.Nc3 b5 6.Bd3 d6 7.O-O Nf6 8.f4 Bb7
9.Qe2 Be7 10.a4 b4 11.Nd1 Nc6 12.Nxc6 Bxc6 13.a5 Qc7 14.Nf2 Qb7 15.b3 O-O
16.Bb2 d5 17.Bxf6 Bxf6 18.e5 Be7 19.Ng4 g6 20.Rf3 Bb5 21.Nf6+ Bxf6 22.exf6 Qa7+
23.Kf1 Bxd3 24.Rxd3 Rac8 25.Ra2 Rc6 26.Qf2 Qc7 27.Qh4 e5 28.Rh3 h5 29.Qg5 exf4
30.Rxh5 Rxf6 31.Qxf6 gxh5 32.Qg5+ Kh7 33.Qxh5+ Kg7 34.Qg5+ Kh8 35.Qf6+ Kg8
36.g3 Re8 37.Qg5+ Kf8 38.Qh6+ Kg8 39.Qg5+ Kf8 40.Qh6+ Kg8  1/2-1/2

[Event "ch-UKR"]
[Site "Alushta UKR"]
[Date "2002.05.03"]
[Round "1"]
[White "Nominas,K"]
[Black "Kushch,N"]
[Result "0-1"]
[WhiteElo "2126"]
[BlackElo "2405"]

1.e4 c5 2.Nf3 e6 3.Nc3 a6 4.d4 cxd4 5.Nxd4 Qc7 6.Be2 b5 7.O-O Bb7 8.Bf3 Nc6
9.Nxc6 dxc6 10.Qe2 e5 11.Rd1 Nf6 12.Bg5 Be7 13.Bxf6 Bxf6 14.Bg4 O-O 15.Rd7 Qb6
16.Rd6 Qc5 17.Rad1 Rad8 18.Bd7 Be7 19.R6d3 a5 20.Rh3 h6 21.Rdd3 Bg5 22.b3 a4
23.Rhf3 axb3 24.cxb3 Rxd7 25.Rxd7 Bc8 26.Rdd3 Bg4 27.h3 Bxf3 28.Qxf3 Bd8
29.a4 b4 30.Nb1 Bb6 31.Nd2 Qc1+ 32.Kh2 Qe1 33.Kg3 g6 34.Nc4 Bd4 35.Rd2 f5
36.Re2 Qb1 37.Qd3 Bxf2+ 38.Kf3 Qg1 39.Qd7 fxe4+ 40.Kxe4 Qxg2+ 41.Kd3 Qf3+
42.Kd2 Qc3+  0-1

[Event "ch-UKR w"]
[Site "Alushta UKR"]
[Date "2002.05.04"]
[Round "2"]
[White "Ivanova,S"]
[Black "Vasilevich,T"]
[Result "0-1"]
[WhiteElo "2247"]
[BlackElo "2421"]

1.e4 c5 2.Nf3 e6 3.d4 cxd4 4.Nxd4 a6 5.Nc3 Qc7 6.Bd3 b5 7.a3 Nc6 8.Nxc6 dxc6
9.O-O e5 10.f4 Nf6 11.Kh1 Bc5 12.Qf3 Ng4 13.Nd1 Qe7 14.Qg3 h5 15.fxe5 h4
16.Qe1 Nxe5 17.Ne3 g6 18.Bd2 h3 19.g3 O-O 20.Bc3 Bd7 21.Qe2 f6 22.Rad1 Rad8
23.b4 Bb6 24.Bxe5 Qxe5 25.c4 Be6 26.c5 Bc7 27.Rf2 Kg7 28.Rdf1 Qc3 29.Bb1 Qxa3
30.g4 Qxb4 31.Nf5+ Kf7 32.Nd6+ Bxd6 33.cxd6 Kg7 34.e5 Bd5+ 35.Kg1 Qd4 36.exf6+ Rxf6
37.Qe7+ Rf7 38.Qg5 Rxd6 39.Bc2 a5 40.Qh4 a4 41.Qxh3 Rdf6  0-1

[Event "ch-UKR"]
[Site "Alushta UKR"]
[Date "2002.05.05"]
[Round "3"]
[White "Polivanov,A"]
[Black "Kushch,N"]
[Result "1/2-1/2"]
[WhiteElo "2351"]
[BlackElo "2405"]

1.e4 c5 2.Nc3 a6 3.Nf3 e6 4.d4 cxd4 5.Nxd4 Qc7 6.g3 d6 7.Bg2 Bd7 8.O-O Nc6
9.Re1 Be7 10.Nxc6 Bxc6 11.a4 Nf6 12.a5 O-O 13.Be3 Nd7 14.Na4 Rac8 15.Nb6 Nxb6
16.Bxb6 Qd7 17.c4 f5 18.f4 fxe4 19.Bxe4 Bxe4 20.Rxe4 Bf6 21.Qe2 d5 22.Rxe6 dxc4
23.Rd1 Qb5 24.Rd2 h6 25.g4 Qa4 26.Qe4 Qa1+ 27.Kg2 Bxb2 28.Rd7 Bf6 29.Rxf6 Qb2+
30.Kh3 Qc3+ 31.Kg2 Rxf6 32.Bd4 Qd2+ 33.Kg3 Rcf8 34.f5 Qd3+ 35.Qxd3 cxd3 36.Bxf6 Rxf6
37.Rxd3  1/2-1/2

[Event "ch-UKR"]
[Site "Alushta UKR"]
[Date "2002.05.06"]
[Round "4"]
[White "Polivanov,A"]
[Black "Anapolsky,S"]
[Result "0-1"]
[WhiteElo "2351"]
[BlackElo "2407"]

1.e4 c5 2.Nc3 a6 3.Nf3 e6 4.d4 cxd4 5.Nxd4 b5 6.g3 Bb7 7.Bg2 Ne7 8.O-O Nec6
9.Nxc6 Nxc6 10.a4 b4 11.Nd5 Bc5 12.Nf4 O-O 13.Nd3 Ba7 14.a5 Nxa5 15.Nxb4 Nc6
16.Nd3 Qc7 17.Kh1 Ne7 18.Ra3 Rac8 19.Rb3 d6 20.Rc3 Qb8 21.Rxc8 Rxc8 22.Bg5 Qc7
23.c3 Bc6 24.b3 a5 25.Re1 Rb8 26.b4 axb4 27.Nxb4 Bb5 28.c4 Bc5 29.Nd3 Bxc4
30.Nxc5 dxc5 31.Qa1 Ng6 32.Rc1 Bb5 33.h4 h5 34.Bf3 Qc6 35.Qc3 c4 36.Bxh5 Qxe4+
37.Bf3 Qf5 38.Kg2 Rc8 39.Qd4 Qc5 40.Qc3 Bc6 41.Bxc6 Qxc6+ 42.Kg1 f6 43.Bxf6 gxf6
44.Qxf6 Qe4 45.h5 Nf8 46.Qg5+ Kf7 47.Ra1 Qd4 48.Rb1 Qd5 49.Qf4+ Ke8 50.Ra1 Qd7
51.Qe5 c3 52.h6 Qd5 53.Qf4 c2 54.Rc1 Qc4 55.Qg5 Rc5 56.Qg7 Qe4 57.Qa7 Rh5
58.f3 Qxf3 59.Qb8+ Ke7 60.Qb4+ Kf7 61.Qf4+ Qxf4 62.gxf4 Rc5  0-1

[Event "ch-UKR"]
[Site "Alushta UKR"]
[Date "2002.05.07"]
[Round "5"]
[White "Kobyliansky,I"]
[Black "Kushch,N"]
[Result "0-1"]
[WhiteElo "2386"]
[BlackElo "2405"]

1.e4 c5 2.Nf3 e6 3.Nc3 a6 4.d4 cxd4 5.Nxd4 b5 6.Bd3 Qb6 7.Nb3 Qc7 8.O-O Bb7
9.Kh1 d6 10.f4 Nd7 11.f5 e5 12.Qf3 Ngf6 13.a3 Rc8 14.Bd2 Nc5 15.Nxc5 dxc5
16.Nd5 Bxd5 17.exd5 c4 18.Be4 Bd6 19.g4 h6 20.Kg2 Qb6 21.Rfe1 a5 22.c3 Qd8
23.Re2 Nd7 24.Rf1 Be7 25.d6 Bxd6 26.Bc6 Qb6 27.Bxd7+ Kxd7 28.f6 g6 29.Qd5 Qc6
30.Rxe5 Qxd5+ 31.Rxd5 Kc6 32.Rd4 Be5 33.Re4 Kd5 34.Rfe1 Bxf6 35.Rf4 Bh4 36.Rd1 Kc6
37.Be1 Bg5 38.Rxf7 Rcd8 39.Rd4 Rhe8 40.Kf1 Rf8 41.Rxf8 Rxf8+ 42.Ke2 Bc1 43.a4 Bxb2
44.axb5+ Kxb5 45.Rd5+ Kc6 46.Rxa5 Re8+ 47.Kd2 Rxe1 48.Ra6+ Kb5 49.Ra2 Bxc3+
50.Kxc3 Re3+ 51.Kd4 Rd3+ 52.Ke4 Rd6 53.Rb2+ Kc5 54.Rc2 Re6+ 55.Kf4 Kb4 56.Rb2+ Ka3
57.Rb7 c3 58.Rc7 Kb2  0-1

[Event "59th ch-POL"]
[Site "Warsaw POL"]
[Date "2002.05.07"]
[Round "8"]
[White "Blehm,P"]
[Black "Markowski,T"]
[Result "0-1"]
[WhiteElo "2547"]
[BlackElo "2538"]

1.e4 c5 2.Nf3 e6 3.d4 cxd4 4.Nxd4 a6 5.Nc3 b5 6.Bd3 d6 7.O-O Nf6 8.Kh1 Bb7
9.a3 Nbd7 10.f4 Be7 11.Qe2 Qc7 12.Bd2 O-O 13.Rae1 Rad8 14.Qf3 Nc5 15.b4 Nxd3
16.cxd3 Rc8 17.Qh3 Qd7 18.f5 e5 19.Nf3 Rfe8 20.Nd1 Bd8 21.Bg5 d5 22.Nf2 dxe4
23.dxe4 Rc2 24.Bxf6 Bxf6 25.Ng4 Qe7 26.Qg3 Rc4 27.Rd1 Bc6 28.Rfe1 Kf8 29.Nd2 Rd4
30.Qc3 Bb7 31.Nxf6 Qxf6 32.Rc1 Rc8 33.Qe3 Rxc1 34.Rxc1 Qd6 35.Nf3 Rd1+ 36.Rxd1 Qxd1+
37.Ng1 Qd4 38.Qxd4 exd4 39.Nf3 Bxe4 40.Nxd4 Ke7 41.Kg1 Kf6 42.g4 Kg5 43.h3 h5
44.gxh5 Bxf5 45.h6 gxh6 46.Kg2 Kf4 47.Ne2+ Ke3 48.Nc3 Kd4 49.Ne2+ Kc4 50.Kg3 Bd7  0-1

[Event "ch-UKR"]
[Site "Alushta UKR"]
[Date "2002.05.09"]
[Round "7"]
[White "Prokhorov,A2"]
[Black "Nazarevich,V"]
[Result "1-0"]
[WhiteElo "2173"]
[BlackElo "2299"]

1.e4 c5 2.Nf3 e6 3.Nc3 a6 4.d4 cxd4 5.Nxd4 Qc7 6.g3 Bb4 7.Ne2 Nf6 8.Bg2 Nc6
9.O-O O-O 10.a3 Bc5 11.Nf4 Be7 12.Re1 Ne5 13.Nd3 d6 14.f4 Nc4 15.g4 Nd7 16.g5 b5
17.Qh5 Bb7 18.Kh1 Rac8 19.Nd1 Rfe8 20.b3 Na5 21.Re2 Nc5 22.Nxc5 dxc5 23.Nf2 Bd6
24.Ng4 Red8 25.Bb2 Be7 26.Be5 Qd7 27.Nh6+ gxh6 28.Qxh6 f6 29.gxf6 Bd6 30.Bxd6 Qf7
31.Bf3  1-0

[Event "ch-UKR"]
[Site "Alushta UKR"]
[Date "2002.05.11"]
[Round "9"]
[White "Nominas,K"]
[Black "Nazarevich,V"]
[Result "1/2-1/2"]
[WhiteElo "2126"]
[BlackElo "2299"]

1.e4 c5 2.Nf3 e6 3.Nc3 a6 4.d4 cxd4 5.Nxd4 Qc7 6.Bd3 Nf6 7.O-O Nc6 8.Be3 Ne5
9.h3 d6 10.f4 Nc6 11.Qf3 Bd7 12.Rae1 h5 13.Nxc6 Bxc6 14.Bd4 Be7 15.a4 h4  1/2-1/2

[Event "Capablanca Mem Elite"]
[Site "Havana CUB"]
[Date "2002.05.11"]
[Round "5"]
[White "Nataf,IA"]
[Black "Zapata,A"]
[Result "1/2-1/2"]
[WhiteElo "2567"]
[BlackElo "2541"]

1.e4 c5 2.Nf3 e6 3.d4 cxd4 4.Nxd4 a6 5.Nc3 Qc7 6.Be2 b5 7.O-O Bb7 8.Re1 Nc6
9.Nxc6 dxc6 10.e5 Rd8 11.Bd3 c5 12.Qg4 Ne7 13.Bg5 Rd4 14.Qg3 c4 15.Bxe7 cxd3
16.Bxf8 Kxf8 17.cxd3 Qd8 18.Red1 f5 19.exf6 gxf6 20.Ne2 Rd6 21.Qh4 Rg8 22.Ng3 Rg7
23.Rac1 Kg8 24.Qf4 Rd4 25.Qe3 Qd6 26.Re1 e5 27.Ne4 Qd8 28.f3 Rg6 29.Nc5 Bd5
30.Re2 Kh8 31.Rec2 Rg8 32.a3 a5 33.Ne4 Bxe4 34.dxe4 Rd1+ 35.Kf2 Rd3 36.Rc8 Rxe3
37.Rxd8 Rxf3+ 38.Kxf3 Rxd8 39.Rc5 Rd3+ 40.Kg4 Rb3 41.Rc2 a4 42.Kf5 Kg7 43.h4 h5
44.Rc7+ Kh6 45.Kxf6 Rxb2 46.Rb7 Rxg2 47.Rxb5 Rg3 48.Rxe5 Rxa3 49.Ra5 Rf3+
50.Ke7 Rf4 51.Rxa4 Rxh4 52.Ra6+ Kg5  1/2-1/2

[Event "52nd ch-RUS w"]
[Site "Elista RUS"]
[Date "2002.05.12"]
[Round "3"]
[White "Vasilevich,I"]
[Black "Mirzoeva,E"]
[Result "0-1"]
[WhiteElo "2208"]
[BlackElo "2296"]

1.e4 c5 2.Nf3 e6 3.d4 cxd4 4.Nxd4 a6 5.Nc3 Qc7 6.f4 b5 7.a3 b4 8.axb4 Bxb4
9.Qf3 Bb7 10.Bd2 Nf6 11.Bd3 Qb6 12.Nde2 d5 13.exd5 Nxd5 14.Qg3 O-O 15.Nxd5 Bxd2+
16.Kxd2 Bxd5 17.Ra3 Qxb2 18.Rha1 Nd7 19.Nc3 Nc5 20.Nxd5 exd5 21.Re1 g6 22.Bf5 Kh8
23.Qc3+ Qxc3+ 24.Rxc3 Na4 25.Ra3 Nb6 26.Bd3 a5 27.Rb1 Rfb8 28.Rab3 Nd7 29.Rxb8+ Nxb8
30.Bb5 Kg7 31.Kd3 Na6 32.Kd4 Nc7 33.Bc6 Ne6+ 34.Ke5 Rc8 35.Rb6 Nd8 36.Ba4 Rc4
37.Bb3 Re4+ 38.Kxd5 Rxf4 39.Ra6 Rf2 40.g4 Rxh2 41.Rxa5 Rg2 42.Ra4 Ne6 43.Kd6 Rd2+
44.Ke5 Nc5 45.Ra7 Nxb3 46.cxb3 Re2+ 47.Kf4 h6 48.b4 g5+ 49.Kf3 Rb2 50.Rb7 Kg6
51.Rb6+ f6 52.b5 Rb3+ 53.Kf2 Rb4 54.Kg3 Rf4 55.Rb8 f5 56.gxf5+ Rxf5 57.b6 Rb5
58.Kf3 Rb4 59.Ke3 Kh5 60.b7 g4 61.Kf2 Rb3 62.Kg2 Kh4  0-1

[Event "TCh-NOR Finals"]
[Site "Oslo NOR"]
[Date "2002.05.12"]
[Round "5"]
[White "Hoen,R"]
[Black "Borchgrevink,H"]
[Result "1/2-1/2"]
[WhiteElo "2280"]
[BlackElo "2161"]

1.e4 c5 2.Nf3 e6 3.d4 cxd4 4.Nxd4 a6 5.Nc3 Qc7 6.Bd3 b5 7.Be3 Bb7 8.O-O Nf6
9.a3 d6 10.f4 Nbd7 11.Qe2 Be7 12.Bf2 Nc5 13.Rae1 Nfd7 14.Nf3 Nb6 15.e5 Nd5
16.Nxd5 Bxd5 17.f5 Nxd3 18.cxd3 dxe5 19.Nxe5 O-O 20.fxe6 fxe6 21.Rc1 Qb7
22.Bd4 Bg5 23.Rxf8+ Rxf8 24.Rf1 Rxf1+ 25.Qxf1 Qc7 26.Nf3 Bf4 27.Qe2 Qd6 28.Be5 Qc5+
29.Bd4 Qd6 30.Be5 Qc5+ 31.Bd4 Qc6 32.Ne5 Qc1+ 33.Kf2 Bxh2 34.Nf3 Qf4 35.Be3 Bg3+
36.Kf1 Qf5 37.Bf2 Bf4 38.Qc2 e5 39.Qc3 h5 40.Ke2 Kh7 41.Qc5 Be6 42.g3 Bh6
43.Qxe5 Qg6 44.Be3 Bg4 45.Bxh6 Qxh6 46.Kf2 Qc1 47.Ng5+ Kg6 48.Ne4 Qc2+ 49.Ke3 Qe2+
50.Kd4 Qxb2+ 51.Kd5 Qb3+ 52.Kd4 Kh7 53.Qd6 Qb2+ 54.Ke3 Qe2+ 55.Kd4 a5 56.Nf6+ gxf6  1/2-1/2

[Event "Open"]
[Site "Pula CRO"]
[Date "2002.05.14"]
[Round "4"]
[White "Podlesnik,B"]
[Black "Cvitan,O"]
[Result "1/2-1/2"]
[WhiteElo "2385"]
[BlackElo "2570"]

1.e4 c5 2.Nc3 e6 3.Nf3 a6 4.d4 cxd4 5.Nxd4 d6 6.f4 b5 7.Bd3 Bb7 8.Qf3 Nd7
9.Bd2 Ngf6 10.g4 Nc5 11.b4  1/2-1/2

[Event "Open"]
[Site "Pula CRO"]
[Date "2002.05.14"]
[Round "4"]
[White "Zufic,M"]
[Black "Franic,M"]
[Result "0-1"]
[WhiteElo "2310"]
[BlackElo "2413"]

1.e4 c5 2.Nf3 e6 3.d4 cxd4 4.Nxd4 a6 5.Nc3 Qc7 6.Be3 b5 7.Bd3 Bb7 8.O-O Nf6
9.a3 Bc5 10.Re1 O-O 11.h3 d6 12.Nb3 Bxe3 13.Rxe3 Nbd7 14.Qd2 Ne5 15.Rg3 Ng6
16.Re1 e5 17.Bf1 Rad8 18.Rd3 Nf4 19.Rde3 Ne6 20.Nc1 Nc5 21.Nd3 Qb8 22.Nc1 Qa8
23.Bd3 Rfe8 24.Qe2 g6 25.Rf3 Kg7 26.Qe3 h6 27.Kh2 Qc8 28.Rxf6 Kxf6 29.Qxh6 Rh8
30.Qe3 Kg7 31.f4 exf4 32.Qxf4 Qe6 33.Kg1 Qe5 34.Qf2 Ne6 35.N1e2 Qc5 36.b4 Qxf2+
37.Kxf2 Rhe8 38.Ra1 Ng5 39.Ng3 Rc8 40.Nd5 f5  0-1

[Event "Tanta Open"]
[Site "Tanta City EGY"]
[Date "2002.05.14"]
[Round "2"]
[White "Naby,S"]
[Black "Kengis,E"]
[Result "0-1"]
[WhiteElo "2266"]
[BlackElo "2577"]

1.e4 c5 2.Nf3 e6 3.d4 cxd4 4.Nxd4 a6 5.Nc3 b5 6.Bd3 Qb6 7.Be3 Bc5 8.Be2 Nc6
9.Nxc6 dxc6 10.Bxc5 Qxc5 11.O-O Nf6 12.Bd3 e5 13.a4 Bg4 14.Qd2 O-O 15.Nd1 Rfd8
16.Qe3 Nd7 17.f3 Be6 18.Kf2 Qb4 19.c3 Qe7 20.b4 Bb3 21.Nb2 bxa4 22.Nxa4 a5
23.Rfb1 Bxa4 24.Rxa4 axb4 25.Raxb4 Nc5 26.Bc4 g6 27.Rb6 Qd6 28.Bd5 Rac8 29.Rd1 Qe7
30.Bb3 Nxb3 31.Rxd8+ Rxd8 32.Rxb3 Qh4+  0-1

[Event "Open"]
[Site "Pula CRO"]
[Date "2002.05.15"]
[Round "5"]
[White "Loncar,R"]
[Black "Papp,Ga"]
[Result "1/2-1/2"]
[WhiteElo "2436"]
[BlackElo "2306"]

1.e4 c5 2.Nf3 e6 3.Nc3 a6 4.d4 cxd4 5.Nxd4 b5 6.Bd3 Qb6 7.Nf3 Nc6 8.O-O Qb8
9.Re1 Nge7 10.a4 b4 11.Nb1 Ng6 12.Be3 Bd6 13.Nbd2 Bf4 14.Nc4 Bxe3 15.Rxe3 Nge5
16.Nfxe5 Nxe5 17.Qh5 Nxc4 18.Bxc4 Qc7 19.b3 a5 20.c3 Qb6 21.Rg3 g6 22.Qh6 Bb7
23.Qg7 Rf8 24.cxb4 Qxb4 25.Qd4 Rd8 26.Rd1 Bc6 27.Rgd3 Qb7 28.f3 d6 29.Qc3 Qb6+
30.Kh1 Ke7 31.Qd2 Qc5 32.Rc1 Qb6 33.Qg5+ f6 34.Qh4 Rf7 35.Rcd1 Qc5 36.e5 d5
37.exf6+ Kf8 38.Qf4 Re8 39.Ba6 e5 40.Qh6+ Kg8 41.Bb5 Bxb5 42.Rxd5 Qc2 43.axb5 Qxb3
44.Qc1 a4 45.Qc6 Ref8 46.Rd8 a3 47.R8d3 Qb2 48.Qe6 e4 49.fxe4 a2 50.Rd8 Qxf6
51.Rxf8+ Kxf8 52.Qxf6 Rxf6 53.Ra1 Rf2 54.h3 Ke7 55.b6 Kd6 56.e5+ Kxe5 57.b7 Rb2
58.Rxa2 Rxb7 59.Kh2 Rb5 60.Ra7 h5 61.Rf7 Rb3 62.Rf8 Rb5 63.Rf7 g5 64.Rf8 Ke4
65.Re8+ Re5 66.Ra8 h4 67.Ra4+ Kf5 68.Ra8 Kf4 69.Ra4+ Re4 70.Rxe4+ Kxe4 71.g3  1/2-1/2

[Event "Open"]
[Site "Pula CRO"]
[Date "2002.05.15"]
[Round "5"]
[White "Cooke,E"]
[Black "Rowson,J"]
[Result "0-1"]
[WhiteElo "2220"]
[BlackElo "2527"]

1.e4 c5 2.Nf3 e6 3.Nc3 a6 4.d4 cxd4 5.Nxd4 d6 6.Be3 b5 7.Bd3 Bb7 8.f4 b4
9.Nce2 Nf6 10.Ng3 h5 11.Qf3 Nbd7 12.Nf1 e5 13.Nb3 a5 14.h3 Qc7 15.Nfd2 a4
16.Nc1 d5 17.O-O Bc5 18.Bxc5 Qxc5+ 19.Kh1 O-O 20.Ne2 Rfe8 21.Rae1 a3 22.b3 h4
23.f5 Rad8 24.Kh2 Qc7 25.Qe3 dxe4 26.Nxe4 Bxe4  0-1

[Event "Andbanc Blitz Match"]
[Site "Andorra la Vella AND"]
[Date "2002.05.17"]
[Round "1.3"]
[White "De la Riva Aguado,O"]
[Black "Gallego,R"]
[Result "1-0"]
[WhiteElo "2496"]
[BlackElo "2273"]

1.e4 c5 2.Nf3 e6 3.d4 cxd4 4.Nxd4 a6 5.Nc3 Qc7 6.g3 Nc6 7.Bg2 d6 8.O-O Nf6
9.Re1 Nxd4 10.Qxd4 Be7 11.b3 O-O 12.Bb2 Bd7 13.Rad1 Bc6 14.h3 Rfe8 15.g4 Bf8
16.Qd3 b5 17.Ne2 Qb7 18.Ng3 Nd7 19.f4 Nc5 20.Qe2 b4 21.Kh2 a5 22.Qf2 a4 23.Bd4 axb3
24.axb3 Ra2 25.Rd2 Qc7 26.Rc1 e5 27.fxe5 Ne6 28.Bb6  1-0

[Event "Open"]
[Site "Pula CRO"]
[Date "2002.05.17"]
[Round "7"]
[White "Mazi,L"]
[Black "Gombac,Jan"]
[Result "1-0"]
[WhiteElo "2378"]
[BlackElo "2233"]

1.e4 c5 2.Nf3 e6 3.d4 cxd4 4.Nxd4 a6 5.Nc3 Qc7 6.g3 Bb4 7.Bd2 Nf6 8.Bg2 Nc6
9.Nxc6 dxc6 10.O-O Be7 11.Qf3 e5 12.Nd1 Be6 13.Ne3 g6 14.Bc3 h5 15.Rfd1 Ng4
16.Rd3 Qb6 17.Bh3 Bc5 18.Bxg4 hxg4 19.Qf6 Rh5 20.Rad1 Be7 21.Qg7 Bf8 22.Qg8 Qc5
23.b3 a5 24.Rd6 Ke7 25.Nc4 b5 26.Bxa5 bxc4 27.Bd8+ Rxd8 28.Rxd8 Bh6 29.Qh8 Bd5
30.exd5 Rxh2 31.Qxe5+ Kxd8 32.dxc6+  1-0